Quản lý bồi dưỡng đội ngũ giáo viên tiểu học quận Hải Châu thành phố Đà Nẵng đáp ứng chuẩn nghề nghiệp

Cơ sở lý luận về quản lý bồi dưỡng đội ngũ giáo viên tiểu học đáp ứng chuẩn nghề nghiệp. Thực trạng quản lý bồi dưỡng đội ngũ giáo viên tiểu học quận Hải Châu, thành phố Đà Nẵng đáp ứng chuẩn nghề nghiệp. Biện pháp quản lý bồi dưỡng đội ngũ giáo viên tiểu học quận Hải Châu, thành phố Đà Nẵng đáp ứng...

Description complète

Enregistré dans:
Détails bibliographiques
Auteur principal: Trần Thị Tường Vi
Autres auteurs: Phùng Đình Mẫn PGS.TS (Hướng dẫn)
Format: Livre
Langue:Vietnamese
Publié: Đà Nẵng Đại học Đà Nẵng 2015
Sujets:
Tags: Ajouter un tag
Pas de tags, Soyez le premier à ajouter un tag!
Thư viện lưu trữ: Mạng thư viện Đại học Đà Nẵng
LEADER 02005nam a2200361 4500
001 000020266
003 16711
005 20150318090341.0
008 150312s2015 viesd
041 |a vie 
082 1 4 |a 372.114  |b TR-V 
100 1 |a Trần Thị Tường Vi 
245 1 |a Quản lý bồi dưỡng đội ngũ giáo viên tiểu học quận Hải Châu thành phố Đà Nẵng đáp ứng chuẩn nghề nghiệp  |c Trần Thị Tường Vi ; Phùng Đình Mẫn hướng dẫn.  |k Luận văn Thạc sĩ 
260 |a Đà Nẵng  |b Đại học Đà Nẵng  |c 2015 
300 |a 121 tr., phụ lục 34 tr.  |c 29 cm.  |e Tóm tắt 
500 |a Luận văn thạc sĩ Khoa học. Chuyên ngành: Quản lý giáo dục. Mã số: 60.14.05 
520 3 |a Cơ sở lý luận về quản lý bồi dưỡng đội ngũ giáo viên tiểu học đáp ứng chuẩn nghề nghiệp. Thực trạng quản lý bồi dưỡng đội ngũ giáo viên tiểu học quận Hải Châu, thành phố Đà Nẵng đáp ứng chuẩn nghề nghiệp. Biện pháp quản lý bồi dưỡng đội ngũ giáo viên tiểu học quận Hải Châu, thành phố Đà Nẵng đáp ứng chuẩn nghề nghiệp 
650 0 4 |a Giáo dục tiểu học  |v Luận văn tốt nghiệp  |x Đội ngũ giáo viên  |z Đà Nẵng 
653 |a Đội ngũ giáo viên 
653 |a Quản lý giáo dục 
653 |a Giáo dục tiểu học 
653 |a Chuẩn nghề nghiệp 
700 1 |a Phùng Đình Mẫn  |c PGS.TS  |e Hướng dẫn 
OWN |a LSP 
AVA |a UDN50  |b LSP  |d 372.114 TR-V  |e available  |t Error 5001 Not defined in file expand_doc_bib_avail.  |f 1  |g 0  |h N  |i 0  |k 1 
999 |a From the UDN01 
AVA |a UDN50  |b LSP  |d 372.114 TR-V  |e available  |t Error 5001 Not defined in file expand_doc_bib_avail.  |f 1  |g 0  |h N  |i 0  |k 1 
TYP |a Monograph 
TYP |a Printed language 
980 |a Mạng thư viện Đại học Đà Nẵng